00694nam a22002177a 450000500170000001000130001702000100003003500130004003700160005304000120006908200110008124501490009226000490024127000610029030000200035165000220037165000180039370000190041170000260043070000200045620170124110111.0 aB-115296 c00.00 aB-115296 bCen Lib/Ret aDPLbEN aSbANT aAnts, ghosts and whispering trees :cedited by Paul St-Piere, Leelawati Mohapatra [and] K.K. Mohapatra ban anthropolgy of oriya short stories / bHarper Collins Publishers c2003aNew Delhi  bNew Delhi a1A, hamilton house, connaught place e110001 a304p.c19cm(Hb) aOriya literature  aShort stories aSt-Piere, Paul aMohapatra, Leelawati  aMohapatra, K.K.